Trabajo a Gran Altura Intermitente: nueva situación epidemiológica

Furkejuvvon:
Bibliográfalaš dieđut
Váldodahkkit: Siqués Lee, Patricia (Dahkki), Brito Richards, Julio (Dahkki)
Materiálatiipa: Girji
Giella:espánnjágiella
Almmustuhtton: Iquique Universidad Arturo Prat 2001
Fáttát:
Fáddágilkorat: Lasit fáddágilkoriid
Eai fáddágilkorat, Lasit vuosttaš fáddágilkora!

MARC

LEADER 00000nam a2200000 a 4500
001 UCM0162
003 CL-VaPUC
008 020125e20010000CL |||||||||||||||||spa|d
082 0 4 |a 612.042  |b SIQ  |2 21 
100 0 |a Siqués Lee, Patricia  |e author  |9 466845 
700 0 |a Brito Richards, Julio  |e author  |9 466846 
245 1 0 |a Trabajo a Gran Altura Intermitente: nueva situación epidemiológica 
300 |a 112 p 
942 |c BK 
945 |d 20020125 00:00:00  |a cmena 
260 |a Iquique  |b Universidad Arturo Prat  |c 2001 
650 7 |a FISIOLOGIA DEL TRABAJO  |2 CL-VaPUC  |9 466847 
650 0 |a Minería del cobre   |9 360403 
650 0 |a Epidemiología   |9 271159 
650 7 |a ENFERMEDADES OCUPACIONALES  |2 CL-VaPUC  |9 254903 
650 7 |a ENFERMEDADES FISIOLOGICAS  |2 CL-VaPUC  |9 403034 
583 |a last modification  |c 20020125 00:00:00  |k Rodrigo Vera 
999 |c 299202  |d 299200 
952 |0 0  |1 0  |4 0  |6 612_042000000000000_SIQ_2001  |7 0  |8 A  |9 355435  |a BIBCUR  |b BIBCUR  |d 2019-11-21  |i 3788458  |o 612.042 SIQ 2001  |p 3788458  |r 2025-04-22  |w 2019-11-21  |y BK  |k KIN